000 00660nam a2200217 u 4500
005 20210223132704.0
008 150806s1974 r 000 0 eng d
020 _a8422504219
035 _aUPN01000204895
049 _aCG
050 4 _aDK169
_bN4.2
100 1 _aNekrasof, Demetrio
_938017
245 1 0 _aCatalina de Rusia /
_cDemetrio Nekrasof.
260 _aMadrid :
_bFerni-Genève,
_c1974.
300 _a249 p. :
_bil.
440 0 _aCírculo de amigos de la historia ;
_v1
600 0 4 _aCATALINA
_bII,
_cEMPERATRIZ DE RUSIA,
_d1729-1796
_922488
651 4 _aRUSIA -
_xHISTORIA -
_yCATALINA II, 1762-1796
_922489
905 _aLibro
999 _c176996
_d176996